| 000 | 00338nam a2200133Ia 4500 | ||
|---|---|---|---|
| 005 | 20260328101507.0 | ||
| 008 | 260328s9999||||xx |||||||||||||| ||und|| | ||
| 100 | _aMinkevicius, Jonas | ||
| 245 | 0 |
_aLietuvos architekturos istorija / _cJonas Minkevicius |
|
| 260 | _bVilnius Mokslas | ||
| 300 | _a384 p. | ||
| 650 | _aHISTORIA | ||
| 942 | _cBK | ||
| 999 |
_c9072 _d9072 |
||